| 000 | 01169 a2200217 4500 | ||
|---|---|---|---|
| 003 | Nust | ||
| 005 | 20220803104037.0 | ||
| 010 | _a 2004061860 | ||
| 020 | _a1574446797 | ||
| 040 | _cNust | ||
| 082 | 0 | 0 | _a621.317,BOS |
| 100 | 1 |
_aBossche, Alex van den. _996381 |
|
| 245 | 1 | 0 |
_aInductors and Transformers for Power Electronics / _cAlex van den Bossche, Vencislav Cekov Valchev. |
| 260 |
_aBoca Raton : _bTaylor & Francis, _c2005. |
||
| 300 |
_axxx, 447 p. : _bill. ; _c25 cm. |
||
| 505 | _aFundamentals of Magnetic Theory (Page-1), Fast Design Approach Including Eddy Current Losses (Page-31), Soft Magnetic Materials (Page-97), Coil Winding and Electrical Insulation (Page-139), Eddy Currents in Conductors (Page-163), Thermal Aspects (Page-253), Parasitic Capacitances in Magnetic Components (Page-239), inductor Design (Page-301),Transformer Design (Page-349), Optimal Copper/Core loss Ratio in Magnetic Components (Page-367), Measurements (Page-381). | ||
| 650 | 0 | _aTelecommunication Engineering. | |
| 700 | 1 |
_aValchev, Vencislav. _996382 |
|
| 856 | 4 | 2 |
_3Publisher description _uhttp://www.loc.gov/catdir/enhancements/fy0648/2004061860-d.html |
| 942 |
_cREF _2ddc |
||
| 999 |
_c176956 _d176956 |
||